000
00337nam a22001453 4500
001
206863
005
20250707140609.0
090
_a
206863
100
_a
20250707 ukry50
101
_a
ukr
102
_a
UA
200
_a
210
_d
2025
801
_2
unimarc
_a
UA
_g
psbo
942
_c
NEWSPAPER